Normal view MARC view
  • Cheltenham & Gloucester

Entry Corporate Name

Number of records used in: 1

001 - CONTROL NUMBER

  • control field: 6018

003 - CONTROL NUMBER IDENTIFIER

  • control field: OSt

005 - DATE AND TIME OF LATEST TRANSACTION

  • control field: 20190806150248.0

008 - FIXED-LENGTH DATA ELEMENTS

  • fixed length control field: 120228n| acannaabn |n ana d

040 ## - CATALOGING SOURCE

  • Original cataloging agency: OSt
  • Transcribing agency: OSt

110 2# - HEADING--CORPORATE NAME

  • Corporate name or jurisdiction name as entry element: Cheltenham & Gloucester

670 ## - SOURCE DATA FOUND

  • Source citation: Identification of non traditional housing, [1996]